000 00432nmm a2200157Ia 4500
008 251105s9999||||xx |||||||||||||||||und||
020 _a9788415216209
041 _aspa
100 _aZavala, Iris M.
245 0 _aTango: Música, cuerpo y sensualidad
264 _a[Madrid, España] :
_bMontesinos,
_c2011
300 _a160 páginas
650 _aMusic
856 _uhttps://public.digitaliapublishing.com/a/60147
942 _cCF
999 _c76523
_d76523